[Event "SVK-Cup13 G6 corr"]
[Site "Slovakia"]
[Date "2002.06.20"]
[Round "29"]
[White "Vrana, Lubomir"]
[Black "Kollar, Mario"]
[Result "1-0"]
[WhiteElo "2101"]
[BlackElo "1600"]
[PlyCount "27"]
[EventDate "2002.02.01"]
[EventType "tourn (corr)"]
[EventRounds "12"]
[EventCountry "SVK"]
[SourceTitle "Corr 2006"]
[Source "ChessBase"]
[SourceDate "2006.04.01"]
[SourceVersion "3"]
[SourceVersionDate "2006.04.01"]
[SourceQuality "1"]

1. d4 d5 2. Nf3 Nf6 3. c4 dxc4 4. e3 e6 5. Bxc4 c5 6. 0-0 a6 7. a4 Nc6 8. Qe2 cxd4 9. Rd1 Bc5 10. exd4 Nxd4 11. Nxd4 Qc7 12. Bg5 b6 13. Nc3 Nd7 14. Nxe6 1-0

[Event "SVK-Cup13 G6 corr"]
[Site "Slovakia"]
[Date "2002.02.16"]
[Round "35"]
[White "Petrla, Peter"]
[Black "Kollar, Mario"]
[Result "1-0"]
[WhiteElo "1823"]
[BlackElo "1600"]
[PlyCount "73"]
[EventDate "2002.02.01"]
[EventType "tourn (corr)"]
[EventRounds "12"]
[EventCountry "SVK"]
[SourceTitle "Corr 2006"]
[Source "ChessBase"]
[SourceDate "2006.04.01"]
[SourceVersion "3"]
[SourceVersionDate "2006.04.01"]
[SourceQuality "1"]

1. e4 c5 2. Nc3 e5 3. Nf3 d6 4. Bb5+ Bd7 5. 0-0 Bxb5 6. Nxb5 a6 7. Nc3 Nf6 8. d3 Be7 9. Bg5 Nbd7 10. Qd2 h6 11. Bxf6 Nxf6 12. b3 0-0 13. Nd1 Kh8 14. Ne3 g6 15. a4 b5 16. axb5 axb5 17. Nd5 Nxd5 18. Qxh6+ Kg8 19. exd5 b4 20. Rfe1 Rxa1 21. Rxa1 Bf6 22. Ra6 Bg7 23. Qh3 Qe7 24. Nd2 f5 25. Nc4 Rd8 26. Qg3 Qf6 27. Kf1 f4 28. Qh3 Bf8 29. Ra7 Be7 30. Nd2 Kf8 31. Ne4 Qg7 32. Rd7 Qg8 33. Rxd8+ Bxd8 34. Qd7 Be7 35. Nxd6 Bxd6 36. Qxd6+ Ke8 37. Qxc5 1-0